| 000 | 00696nac a22002171u 4500 | ||
|---|---|---|---|
| 010 | _a | ||
| 020 | _a0333318242 | ||
| 082 | 0 | 0 |
_a692 _bMIK |
| 090 |
_c6046 _d6046 |
||
| 100 | _aDesch, H. E. | ||
| 245 | 1 | 0 |
_aStructural surveying, _cby S. C. Desch, S. L. J. Mika |
| 250 | _a2nd ed. | ||
| 260 |
_aLondon, _bMacmillan education,1988 _c1988. |
||
| 300 |
_axi, 177 p. _bill.; _c24 cm. |
||
| 500 | _adistributer: Al-Ahram | ||
| 511 | _acatalogued by: wessam | ||
| 650 | 0 | _aBuilding inspection. | |
| 700 | 1 | _aDesch, Stephen, | |
| 942 |
_cBB _k692MIK |
||
| 999 |
_c6046 _d6046 |
||